[Event "45th Olympiad 2024"]
[Site "Budapest HUN"]
[Date "2024.09.11"]
[Round "1.58"]
[Board "3"]
[White "Almiron, Antonio"]
[Black "Lill, Sami"]
[Result "1-0"]
[WhiteTitle "FM"]
[BlackTitle "CM"]
[WhiteElo "2312"]
[BlackElo "1902"]
[WhiteTeam "Paraguay"]
[BlackTeam "Bermuda"]
[WhiteFideId "3701166"]
[BlackFideId "8800170"]
[EventDate "2024.09.11"]

1. d4 d5 2. c4 e6 3. Nc3 Be7 4. Nf3 Nf6 5. cxd5 exd5 6. Bg5 c6 7. Qc2 h6 8. Bf4
Na6 9. a3 Nc7 10. e3 Ne6 11. Be5 Bd7 12. Bd3 Qa5 13. O-O Ng4 14. Bg3 O-O 15. h3
Nf6 16. Ne5 Bc8 17. b4 Qd8 18. Na4 Nd7 19. f4 Nxe5 20. dxe5 a5 21. f5 Ng5 22. h4
Ne4 23. Bxe4 dxe4 24. f6 gxf6 25. exf6 Bxf6 26. Rad1 Bd7 27. Nc5 Bg4 28. Rxd8
Bxd8 29. Qxe4 Bh5 30. Bd6 Bg6 31. Qxg6+ fxg6 32. Rxf8+ 1-0

[Event "45th Olympiad 2024"]
[Site "Budapest HUN"]
[Date "2024.09.11"]
[Round "1.58"]
[Board "4"]
[White "Dennis, Nathan"]
[Black "Latorre, Matias"]
[Result "0-1"]
[BlackTitle "FM"]
[WhiteElo "1828"]
[BlackElo "2264"]
[WhiteTeam "Bermuda"]
[BlackTeam "Paraguay"]
[WhiteFideId "14346877"]
[BlackFideId "3701107"]
[EventDate "2024.09.11"]

1. d4 Nf6 2. Bf4 b6 3. e3 Bb7 4. Nd2 c5 5. c3 g6 6. Ngf3 Bg7 7. h3 O-O 8. Be2 d6
9. O-O Nbd7 10. Qb3 Nd5 11. Bg5 a6 12. Rfd1 h6 13. Bh4 Rb8 14. a4 b5 15. axb5
axb5 16. Qc2 Nc7 17. Ne4 Qe8 18. dxc5 d5 19. Ned2 Nxc5 20. Bg3 e5 21. Nb3 Ne4
22. Bh2 f5 23. Nfd2 Nd6 24. Nc5 Bc6 25. Ra7 Rf7 26. Bf3 Ne6 27. Rxf7 Qxf7 28.
Ndb3 Ng5 29. Be2 Nc4 30. Nd2 Qa7 31. Nd3 Nf7 32. Nb4 Bb7 33. Bf3 Rd8 34. Nxc4
dxc4 35. Bxb7 Qxb7 36. Rxd8+ Nxd8 37. Qd2 Nf7 38. Qd5 Qxd5 39. Nxd5 Nd6 40. Kf1
Kf7 41. Ke2 Ke6 42. Nc7+ Kd7 43. Nd5 Ne4 44. f4 Kd6 45. Nb4 exf4 46. Bxf4+ Kc5
47. Na6+ Kb6 48. Nb4 Ka5 49. Nc6+ Ka4 50. Nd4 Bxd4 51. exd4 Kb3 52. Bxh6 Kxb2
53. Bd2 Nxd2 54. Kxd2 b4 55. Ke2 bxc3 0-1

[Event "45th Olympiad 2024"]
[Site "Budapest HUN"]
[Date "2024.09.11"]
[Round "1.60"]
[Board "1"]
[White "Kulaots, Kaido"]
[Black "Al Ibrahim, Abdulrahman"]
[Result "1-0"]
[WhiteTitle "GM"]
[WhiteElo "2506"]
[BlackElo "1932"]
[WhiteTeam "Estonia"]
[BlackTeam "Kuwait"]
[WhiteFideId "4500261"]
[BlackFideId "10300503"]
[EventDate "2024.09.11"]

1. e4 e5 2. Nf3 Nc6 3. Bb5 a6 4. Ba4 Nf6 5. O-O Be7 6. d3 b5 7. Bb3 d6 8. a4 Bd7
9. c3 O-O 10. Bc2 d5 11. exd5 Nxd5 12. Re1 Bf6 13. Nbd2 g6 14. Ne4 Bg7 15. Bb3
Nde7 16. Bg5 Bf5 17. axb5 axb5 18. Rxa8 Qxa8 19. Nf6+ Kh8 20. Nxe5 Nxe5 21. Rxe5
h6 22. Bh4 Ng8 23. Rxf5 gxf5 24. Nd7 Rc8 25. Nc5 Qc6 26. d4 Nf6 27. Bxf7 Rf8 28.
Bb3 Re8 29. h3 Ne4 30. Ne6 Bf6 31. Qh5 Rxe6 32. Qxh6+ Kg8 33. Bxf6 1-0

[Event "45th Olympiad 2024"]
[Site "Budapest HUN"]
[Date "2024.09.11"]
[Round "1.61"]
[Board "1"]
[White "Prudente, Elmer"]
[Black "Fluvia Poyatos, Jordi"]
[Result "0-1"]
[WhiteTitle "CM"]
[BlackTitle "IM"]
[WhiteElo "1949"]
[BlackElo "2438"]
[WhiteTeam "Guam"]
[BlackTeam "Andorra"]
[WhiteFideId "31000690"]
[BlackFideId "2214334"]
[EventDate "2024.09.11"]

1. e4 d6 2. d4 Nf6 3. Nc3 g6 4. f4 Bg7 5. Nf3 O-O 6. Be3 b6 7. e5 Ng4 8. Bg1 c5
9. dxc5 bxc5 10. h3 Nh6 11. Bc4 Nc6 12. Bd5 Qb6 13. Bf2 dxe5 14. fxe5 Rd8 15.
Qe2 Bb7 16. O-O Nd4 17. Nxd4 cxd4 18. Bxb7 Qxb7 19. Nb5 d3 20. cxd3 Qxb5 21.
Rad1 Qxe5 22. Qxe5 Bxe5 23. Rfe1 Bd6 24. d4 Rdc8 25. Re2 Nf5 26. g4 Ng7 27. Bh4
Ne6 0-1

[Event "45th Olympiad 2024"]
[Site "Budapest HUN"]
[Date "2024.09.11"]
[Round "1.61"]
[Board "2"]
[White "De La Riva Aguado, Oscar"]
[Black "Tran, Tuan An"]
[Result "1-0"]
[WhiteTitle "GM"]
[WhiteElo "2431"]
[BlackElo "1916"]
[WhiteTeam "Andorra"]
[BlackTeam "Guam"]
[WhiteFideId "6900224"]
[BlackFideId "31002706"]
[EventDate "2024.09.11"]

1. e4 e5 2. Nf3 Nc6 3. Bb5 Nf6 4. d3 Bc5 5. Bxc6 dxc6 6. Nbd2 Nd7 7. O-O b6 8.
Nc4 Qe7 9. Be3 Ba6 10. Bxc5 Qxc5 11. Ne3 g6 12. Qd2 Qe7 13. a4 Bb7 14. a5 c5 15.
Qc3 O-O 16. b4 a6 17. Rfb1 Bc6 18. Nc4 f6 19. axb6 cxb6 20. bxc5 Qxc5 21. Qb3
Kg7 22. Nxb6 Ra7 23. Nc4 Rb8 24. Qa2 Nb6 25. h3 Rab7 26. Na5 Rc7 27. Qa3 Ba4 28.
Qxc5 Rxc5 29. Nc4 Rb5 30. Rc1 Nxc4 31. Rxa4 Nb2 32. Rxa6 Rc5 33. Ra7+ Kh6 34.
Ne1 Rb4 35. Kf1 Na4 36. c4 Rc8 37. Nc2 Rb3 38. Rxa4 Rxd3 39. Ne3 Rd4 40. f3 Rb8
41. Ra2 Kg5 42. g3 h5 43. h4+ Kh6 44. Ke2 g5 45. Nf5+ 1-0

[Event "45th Olympiad 2024"]
[Site "Budapest HUN"]
[Date "2024.09.11"]
[Round "1.62"]
[Board "1"]
[White "Romanov, Evgeny"]
[Black "Tchouka, Yakini"]
[Result "1-0"]
[WhiteTitle "GM"]
[WhiteElo "2567"]
[BlackElo "1932"]
[WhiteTeam "North Macedonia"]
[BlackTeam "Togo"]
[WhiteFideId "4148843"]
[BlackFideId "21201382"]
[EventDate "2024.09.11"]

1. c4 e6 2. g3 Nf6 3. Bg2 d5 4. Nf3 Be7 5. O-O O-O 6. d4 Nbd7 7. Qc2 c6 8. Nc3
b6 9. Nd2 Bb7 10. e4 dxc4 11. Nxc4 Ba6 12. Ne2 c5 13. d5 exd5 14. exd5 Bxc4 15.
Qxc4 Bd6 16. Qa6 Qc8 17. Qa4 Re8 18. Nc3 a6 19. Qc6 Qb8 20. Bg5 Rc8 21. Qa4 b5
22. Qc2 Re8 23. a4 b4 24. Nd1 h6 25. Bxf6 Nxf6 26. a5 Ra7 27. Ne3 Rae7 28. Nc4
b3 29. Qd3 Ng4 30. Ra3 Ne5 31. Nxe5 Bxe5 32. Rxb3 Qd8 33. Qxa6 Bd4 34. Qb6 Qd7
35. Qc6 Qa7 36. d6 Re1 37. Qc7 Qa6 38. Rf3 Rxf1+ 39. Bxf1 Re1 40. Qxf7+ Kh8 41.
Qe8+ Rxe8 42. Bxa6 Rd8 43. Bd3 Bf6 44. a6 c4 45. Bxc4 Rxd6 46. a7 Rd1+ 47. Kg2
Ra1 48. Ra3 1-0

[Event "45th Olympiad 2024"]
[Site "Budapest HUN"]
[Date "2024.09.11"]
[Round "1.62"]
[Board "2"]
[White "Egbe, Kossi Thierry"]
[Black "Lazov, Toni"]
[Result "0-1"]
[BlackTitle "IM"]
[WhiteElo "1847"]
[BlackElo "2360"]
[WhiteTeam "Togo"]
[BlackTeam "North Macedonia"]
[WhiteFideId "21201510"]
[BlackFideId "15000770"]
[EventDate "2024.09.11"]

1. e4 c5 2. Nf3 d6 3. Bb5+ Nd7 4. c4 g6 5. d4 a6 6. Ba4 Bg7 7. O-O cxd4 8. Nxd4
Nf6 9. Nc3 O-O 10. Bxd7 Bxd7 11. Be3 Rc8 12. Qd3 Ng4 13. b3 Nxe3 14. fxe3 Rc5
15. Rf2 Rh5 16. Raf1 e6 17. Nce2 b5 18. cxb5 axb5 19. b4 d5 20. Ng3 Re5 21. exd5
Rxd5 22. Qe4 Qe7 23. a3 f5 24. Qd3 Qd6 25. Qb3 Bxd4 26. exd4 Rxd4 27. Re2 Rc8
28. Rfe1 Rd3 29. Qa2 Rcc3 30. Qb2 Qd4+ 31. Kh1 Bc6 32. Rf2 Bd5 33. Ne2 Qxf2 0-1

[Event "45th Olympiad 2024"]
[Site "Budapest HUN"]
[Date "2024.09.11"]
[Round "1.63"]
[Board "1"]
[White "AH KYE, Benitot"]
[Black "Chinguun, Sumiya"]
[Result "0-1"]
[WhiteTitle "CM"]
[BlackTitle "FM"]
[WhiteElo "1815"]
[BlackElo "2389"]
[WhiteTeam "Mauritius"]
[BlackTeam "Mongolia"]
[WhiteFideId "9700552"]
[BlackFideId "4902572"]
[EventDate "2024.09.11"]

1. e4 c5 2. Nf3 d6 3. d4 cxd4 4. Nxd4 Nf6 5. Nc3 a6 6. f3 e5 7. Nb3 Be6 8. Be3
Be7 9. g4 Nbd7 10. Qd2 b5 11. g5 Nh5 12. Rg1 Rc8 13. O-O-O O-O 14. h4 Nb6 15.
Na5 Qc7 16. a3 d5 17. Bxb6 Qxb6 18. exd5 Bc5 19. Nc4 bxc4 20. Na4 c3 21. Nxb6
cxd2+ 22. Kb1 Bxb6 23. dxe6 Bxg1 24. e7 Rfe8 25. Bh3 Rc4 26. Rxg1 e4 27. fxe4
Rxe4 0-1

[Event "45th Olympiad 2024"]
[Site "Budapest HUN"]
[Date "2024.09.11"]
[Round "1.63"]
[Board "2"]
[White "Baasansuren, Erdene"]
[Black "Lam Kin Cheung, Stephane"]
[Result "1-0"]
[WhiteTitle "FM"]
[WhiteElo "2368"]
[BlackElo "1677"]
[WhiteTeam "Mongolia"]
[BlackTeam "Mauritius"]
[WhiteFideId "4902084"]
[BlackFideId "9700579"]
[EventDate "2024.09.11"]

1. Nf3 c5 2. c4 g6 3. g3 Bg7 4. Bg2 Nf6 5. O-O O-O 6. Nc3 Nc6 7. b3 d6 8. Bb2 e5
9. d3 h6 10. Nd2 Be6 11. Nde4 a6 12. Nxf6+ Bxf6 13. e3 Qd7 14. Nd5 Bxd5 15. Bxd5
Ne7 16. Bg2 Bg7 17. a3 Rab8 18. b4 b5 19. Bc3 f5 20. cxb5 axb5 21. Qb3+ Kh7 22.
Rfc1 g5 23. Bb2 Rfc8 24. Rab1 Ng6 25. Bd5 f4 26. Be6 Qb7 27. Bxc8 Rxc8 28. Qd1
Qf7 29. bxc5 dxc5 30. Qf3 Qe6 31. Qe4 Qg4 32. Ba1 h5 33. Rxb5 Kh6 34. Rb6 Kh7
35. Qxg6+ Kh8 36. Rb7 Rg8 37. Bxe5 f3 38. Qh6# 1-0

[Event "45th Olympiad 2024"]
[Site "Budapest HUN"]
[Date "2024.09.11"]
[Round "1.63"]
[Board "3"]
[White "Lee Luen Mang, Stefan"]
[Black "Munkhdalai, Amilal"]
[Result "0-1"]
[BlackTitle "IM"]
[WhiteElo "1803"]
[BlackElo "2374"]
[WhiteTeam "Mauritius"]
[BlackTeam "Mongolia"]
[WhiteFideId "9700242"]
[BlackFideId "4903250"]
[EventDate "2024.09.11"]

1. e4 c5 2. Nf3 Nc6 3. Bb5 e6 4. O-O Nge7 5. d4 cxd4 6. Nxd4 Qb6 7. Nxc6 Qxb5 8.
Nd4 Qb6 9. Nc3 a6 10. b3 Nc6 11. Be3 Qc7 12. f4 b5 13. Qe1 Bb7 14. Rf2 Rc8 15.
Nde2 Ba3 16. e5 Ne7 17. Bd2 Bc5 18. Kh1 Bxf2 19. Qxf2 d6 20. exd6 Qxd6 21. Rd1
O-O 22. Be3 Qc6 23. Rc1 Nf5 24. Nd1 Nh4 25. Nd4 Qe4 26. c3 Nxg2 0-1

[Event "45th Olympiad 2024"]
[Site "Budapest HUN"]
[Date "2024.09.11"]
[Round "1.63"]
[Board "4"]
[White "Itgelt, Khuyagtsogt"]
[Black "Naipal, Hoolan"]
[Result "1-0"]
[WhiteTitle "FM"]
[BlackTitle "CM"]
[WhiteElo "2412"]
[BlackElo "1851"]
[WhiteTeam "Mongolia"]
[BlackTeam "Mauritius"]
[WhiteFideId "4902912"]
[BlackFideId "9700382"]
[EventDate "2024.09.11"]

1. d4 Nf6 2. c4 e6 3. g3 d5 4. Bg2 Be7 5. Nf3 O-O 6. O-O dxc4 7. Qc2 a6 8. a4
Bd7 9. Qxc4 Bc6 10. Bg5 Bd5 11. Qc2 Be4 12. Qc1 Nbd7 13. Nc3 Bc6 14. Rd1 Nd5 15.
h4 Bxg5 16. hxg5 Qe7 17. Nxd5 exd5 18. Qc2 Rae8 19. e3 g6 20. Rab1 a5 21. Qc3
Ra8 22. b3 f6 23. gxf6 Qxf6 24. Rb2 Qf5 25. Rc1 Rf7 26. Qc2 Qxc2 27. Rbxc2 Raf8
28. Ng5 Re7 29. Nh3 Rf6 30. Nf4 Rd6 31. Nd3 Kg7 32. b4 Bxa4 33. Rxc7 axb4 34.
Nxb4 Bc6 35. Nxc6 bxc6 36. R1xc6 Rxc6 37. Rxc6 Nf6 38. Rd6 Ra7 39. Bxd5 Nxd5 40.
Rxd5 1-0

[Event "45th Olympiad 2024"]
[Site "Budapest HUN"]
[Date "2024.09.11"]
[Round "1.64"]
[Board "1"]
[White "Murphy, Conor E"]
[Black "Kumar, Manoj"]
[Result "1-0"]
[WhiteTitle "IM"]
[BlackTitle "CM"]
[WhiteElo "2453"]
[BlackElo "1951"]
[WhiteTeam "Ireland"]
[BlackTeam "Fiji"]
[WhiteFideId "421669"]
[BlackFideId "11400064"]
[EventDate "2024.09.11"]

1. e4 e5 2. Nf3 Nc6 3. Bc4 Bc5 4. O-O Nf6 5. d3 d6 6. c3 a6 7. a4 Ba7 8. Re1 h6
9. Nbd2 O-O 10. h3 Re8 11. b4 Be6 12. Bxe6 Rxe6 13. Qc2 b5 14. Nb3 Bb6 15. Bd2
Rb8 16. c4 Nd4 17. Nfxd4 Bxd4 18. Nxd4 exd4 19. axb5 axb5 20. cxb5 Rxb5 21. Qc4
Rb8 22. Qxd4 c5 23. bxc5 dxc5 24. Qc4 Qd4 25. Qxd4 cxd4 26. Ra4 Nd7 27. Rxd4 Nc5
28. Rd5 Nb3 29. Be3 Ra6 30. Rb1 Ra1 31. Rxa1 Nxa1 32. Rc5 Nb3 33. Rc3 Kf8 34. g4
Ke7 35. h4 Rb7 36. Kg2 Ke6 37. h5 Na5 38. f4 Kd7 39. Kf3 Nc6 40. d4 Rb1 41. Ra3
Rb7 42. d5 Ne7 43. Ra7 Rxa7 44. Bxa7 Kd6 45. Ke3 Nc8 46. Bd4 f6 47. Kd3 Ne7 48.
Kc4 Kd7 49. Bc5 1-0

[Event "45th Olympiad 2024"]
[Site "Budapest HUN"]
[Date "2024.09.11"]
[Round "1.64"]
[Board "3"]
[White "Kanyamarala, Tarun"]
[Black "Terubea, Ronald"]
[Result "1-0"]
[WhiteTitle "IM"]
[BlackTitle "CM"]
[WhiteElo "2361"]
[BlackElo "1836"]
[WhiteTeam "Ireland"]
[BlackTeam "Fiji"]
[WhiteFideId "45004714"]
[BlackFideId "11400331"]
[EventDate "2024.09.11"]

1. Nf3 d5 2. e3 a6 3. c4 Nf6 4. cxd5 Qxd5 5. Nc3 Qa5 6. d4 c6 7. Bc4 b5 8. Bb3
Bf5 9. O-O e6 10. Re1 Bb4 11. Bd2 Qb6 12. e4 Bxc3 13. exf5 Bxd2 14. Qxd2 O-O 15.
fxe6 fxe6 16. Rxe6 Kh8 17. Rc1 Qb7 18. Ne5 a5 19. a3 Ra6 20. Qe2 Qa7 21. Qe3 Nd5
22. Bxd5 cxd5 23. Qf3 Kg8 24. Qxf8+ 1-0

[Event "45th Olympiad 2024"]
[Site "Budapest HUN"]
[Date "2024.09.11"]
[Round "1.64"]
[Board "4"]
[White "Maharaj, Yash Krishen"]
[Black "Fitzsimons, David"]
[Result "0-1"]
[BlackTitle "IM"]
[WhiteElo "1847"]
[BlackElo "2315"]
[WhiteTeam "Fiji"]
[BlackTeam "Ireland"]
[WhiteFideId "11402504"]
[BlackFideId "2501961"]
[EventDate "2024.09.11"]

1. e4 c5 2. Nf3 d6 3. d4 cxd4 4. Nxd4 Nf6 5. Nc3 a6 6. f3 e5 7. Nb3 Be6 8. Be3
h5 9. Qd2 Nbd7 10. O-O-O b5 11. a3 Rc8 12. Kb1 Be7 13. Be2 Nb6 14. Rhg1 Qc7 15.
Bxb6 Qxb6 16. f4 b4 17. axb4 Qxb4 18. Bxa6 Rb8 19. Bb5+ Rxb5 20. Nxb5 Qxb5 21.
Rge1 O-O 22. h3 Ra8 23. Qd3 Qa4 24. Kc1 d5 25. exd5 Nxd5 26. Re4 Bb4 27. Kb1
Qa2+ 0-1

[Event "45th Olympiad 2024"]
[Site "Budapest HUN"]
[Date "2024.09.11"]
[Round "1.65"]
[Board "1"]
[White "Khalema, Sechaba"]
[Black "Mohammad Fahad, Rahman"]
[Result "0-1"]
[BlackTitle "IM"]
[WhiteElo "1779"]
[BlackElo "2419"]
[WhiteTeam "Lesotho"]
[BlackTeam "Bangladesh"]
[WhiteFideId "14317176"]
[BlackFideId "10207791"]
[EventDate "2024.09.11"]

1. d4 Nf6 2. c4 e6 3. Nf3 d5 4. Nc3 Bb4 5. cxd5 exd5 6. Bg5 h6 7. Bf4 Ne4 8. Qb3
c5 9. Bxb8 Rxb8 10. dxc5 Qa5 11. Rc1 Nxc5 12. Qc2 Qxa2 13. e3 O-O 14. Nd2 Bxc3
15. Qxc3 Na4 16. Qc7 Bf5 17. Qa5 Qxb2 18. Rd1 Bc2 19. Be2 Bxd1 20. Bxd1 Nc3 0-1

[Event "45th Olympiad 2024"]
[Site "Budapest HUN"]
[Date "2024.09.11"]
[Round "1.65"]
[Board "2"]
[White "Manon, Reja Neer"]
[Black "Thabang, Mphane"]
[Result "1-0"]
[WhiteTitle "FM"]
[WhiteElo "2417"]
[BlackElo "1799"]
[WhiteTeam "Bangladesh"]
[BlackTeam "Lesotho"]
[WhiteFideId "10224009"]
[BlackFideId "21301549"]
[EventDate "2024.09.11"]

1. e4 Nf6 2. e5 Nd5 3. d4 d6 4. Nf3 Bg4 5. Be2 Nc6 6. c4 Nb6 7. exd6 cxd6 8. b3
g6 9. Bb2 Bg7 10. Qd2 d5 11. c5 Nd7 12. h3 Bf5 13. O-O O-O 14. b4 a6 15. a4 a5
16. b5 Nb4 17. Na3 Nf6 18. Qe3 Ne4 19. Ne5 Rc8 20. g4 Be6 21. f4 f5 22. g5 Bd7
23. h4 Be8 24. Rab1 h6 25. Nd3 hxg5 26. hxg5 Nxd3 27. Bxd3 Bd7 28. Kg2 Kf7 29.
Rh1 e5 30. Bxe4 dxe4 31. Nc4 Be6 32. Nd6+ 1-0

[Event "45th Olympiad 2024"]
[Site "Budapest HUN"]
[Date "2024.09.11"]
[Round "1.65"]
[Board "3"]
[White "Tsephe, Lebajoa"]
[Black "Hossain, Enamul"]
[Result "0-1"]
[BlackTitle "GM"]
[WhiteElo "1900"]
[BlackElo "2354"]
[WhiteTeam "Lesotho"]
[BlackTeam "Bangladesh"]
[WhiteFideId "21302197"]
[BlackFideId "10200649"]
[EventDate "2024.09.11"]

1. d4 d5 2. c4 c5 3. e3 cxd4 4. exd4 Nf6 5. Nc3 g6 6. Qb3 Bg7 7. cxd5 O-O 8. Be2
Nbd7 9. Bf3 Nb6 10. a4 a5 11. Nge2 Bg4 12. Bxg4 Nxg4 13. O-O Nf6 14. Nf4 Qd6 15.
Nd3 Nbxd5 16. Nb5 Qd8 17. Bf4 Nxf4 18. Nxf4 Bh6 19. Qf3 Rc8 20. Nd3 Qd5 21. Qe2
Rfe8 22. f4 Bg7 23. Rfe1 e6 24. Ne5 Red8 25. Qd2 Bf8 26. Qd3 Bb4 27. Rec1 Qe4
28. Qxe4 Nxe4 29. g3 Nd2 30. Rd1 Rc2 31. Nd3 Nf3+ 32. Kf1 Nxh2+ 33. Kg1 Nf3+ 34.
Kf1 Nd2+ 35. Kg1 Ne4 36. g4 h5 37. gxh5 gxh5 38. Rac1 Re2 39. Nxb4 axb4 40. Re1
Ng3 41. Rb1 Rc2 42. Re3 h4 43. Rb3 Kh7 44. Re1 Rg8 45. Re5 h3 0-1

[Event "45th Olympiad 2024"]
[Site "Budapest HUN"]
[Date "2024.09.11"]
[Round "1.66"]
[Board "1"]
[White "Ziska, Helgi Dam"]
[Black "Mathurin, Nathaniel"]
[Result "0-1"]
[WhiteTitle "GM"]
[WhiteElo "2553"]
[BlackElo "1982"]
[WhiteTeam "Faroe Islands"]
[BlackTeam "Saint Lucia"]
[WhiteFideId "7200595"]
[BlackFideId "23000139"]
[EventDate "2024.09.11"]

1. Nf3 Nf6 2. g3 g6 3. Bg2 Bg7 4. O-O O-O 5. c4 c6 6. d3 d5 7. Qb3 dxc4 8. Qxc4
Nbd7 9. Nbd2 Qa5 10. Qc2 Nb6 11. h3 Rd8 12. Nb3 Qa4 13. Bd2 Be6 14. Rfc1 Nfd7
15. Na5 Rab8 16. b3 Qa3 17. Rab1 h6 18. d4 Nf6 19. e4 Ne8 20. Qc5 Qxa2 21. Qc3
Qa3 22. Bf4 g5 23. Bxb8 Rxb8 24. Ra1 Qd6 25. Nc4 Nxc4 26. bxc4 c5 27. e5 cxd4
28. Qa5 Qd8 29. Qxa7 d3 30. Rab1 Qc7 31. Qe3 Rd8 32. Nd2 Bxe5 33. Rxb7 Bd4 34.
Qf3 Qc5 35. Rb3 Bd5 36. Qxd3 Bxf2+ 37. Kh2 Nf6 38. Rf1 Bxg3+ 39. Qxg3 0-1

[Event "45th Olympiad 2024"]
[Site "Budapest HUN"]
[Date "2024.09.11"]
[Round "1.67"]
[Board "1"]
[White "Kamara, Ansumana"]
[Black "Gascon Del Nogal, Jose Rafael"]
[Result "0-1"]
[WhiteTitle "CM"]
[BlackTitle "GM"]
[WhiteElo "1876"]
[BlackElo "2454"]
[WhiteTeam "Sierra Leone"]
[BlackTeam "Venezuela"]
[WhiteFideId "1622218"]
[BlackFideId "3902463"]
[EventDate "2024.09.11"]

1. e4 c5 2. Nf3 d6 3. d4 cxd4 4. Nxd4 Nf6 5. Nc3 Nc6 6. Be3 Ng4 7. Qd2 Nxe3 8.
fxe3 g6 9. O-O-O Bg7 10. h3 h5 11. Kb1 a6 12. a3 Ne5 13. Nd5 e6 14. Nc3 Qc7 15.
Be2 Bd7 16. Nf3 Ke7 17. Nd4 b5 18. Na2 Rab8 19. Nb4 Rb6 20. Rhf1 Rc8 21. c3 a5
22. Na2 Qb7 23. Bd3 Kf8 24. Ka1 Kg8 25. Qe2 Ra8 26. Rb1 Bc6 27. Nxc6 Qxc6 28.
Rbc1 Qb7 29. Kb1 Nc6 30. Kc2 b4 31. cxb4 axb4 32. Nxb4 Nxb4+ 33. axb4 Rxb4 34.
Kd1 Rxb2 35. Bc2 Raa2 36. Qd3 Rxc2 37. Rxc2 Qb1+ 38. Kd2 Rxc2+ 39. Qxc2 Qxf1 40.
Qc6 Qxg2+ 41. Kd3 Qf1+ 42. Kd2 Qf2+ 43. Kd3 Qe1 44. Qe8+ Bf8 45. Qa4 d5 46. exd5
exd5 47. Qe8 Qh4 48. Qc8 Qc4+ 49. Qxc4 dxc4+ 50. Kxc4 Kg7 51. Kd5 Kf6 52. e4 g5
53. Kd4 Ke6 0-1

[Event "45th Olympiad 2024"]
[Site "Budapest HUN"]
[Date "2024.09.11"]
[Round "1.67"]
[Board "2"]
[White "Ynojosa Aponte, Felix Jose"]
[Black "Winston Gerald, Mansfield Thomas"]
[Result "1-0"]
[WhiteTitle "IM"]
[WhiteElo "2398"]
[BlackElo "1950"]
[WhiteTeam "Venezuela"]
[BlackTeam "Sierra Leone"]
[WhiteFideId "3900258"]
[BlackFideId "17800048"]
[EventDate "2024.09.11"]

1. c4 Nf6 2. Nc3 d6 3. d4 c6 4. e4 Qa5 5. f3 e5 6. d5 cxd5 7. cxd5 a6 8. Be3
Nbd7 9. a3 Be7 10. Ne2 O-O 11. g4 b5 12. Qd2 Qc7 13. Ng3 Nc5 14. Rd1 Nb3 15. Qc2
Na5 16. g5 Ne8 17. h4 Nc4 18. Bc1 f6 19. Nf5 Bxf5 20. exf5 Rc8 21. Ne4 Qb7 22.
Qg2 Qa7 23. Qe2 Bd8 24. h5 fxg5 25. h6 Rc7 26. b3 Na5 27. Be3 Qb7 28. Qd3 Rd7
29. Bxg5 Nf6 30. hxg7 Rff7 31. Bxf6 Bxf6 32. Rh6 Kxg7 33. Rxf6 Rxf6 34. Qd2 Rxf5
35. Bh3 Rxf3 36. Bxd7 Qxd7 37. Qg2+ Kh8 38. Qxf3 h6 39. Qf8+ Kh7 40. Nf6+ 1-0

[Event "45th Olympiad 2024"]
[Site "Budapest HUN"]
[Date "2024.09.11"]
[Round "1.67"]
[Board "3"]
[White "Adeshole Beckley, Brian"]
[Black "Escalona Landi, Samid Eduardo"]
[Result "0-1"]
[BlackTitle "FM"]
[WhiteElo "1814"]
[BlackElo "2305"]
[WhiteTeam "Sierra Leone"]
[BlackTeam "Venezuela"]
[WhiteFideId "17800013"]
[BlackFideId "3937437"]
[EventDate "2024.09.11"]

1. d4 Nf6 2. c4 g6 3. Nc3 Bg7 4. e4 d6 5. Be2 O-O 6. Nf3 Nbd7 7. O-O e5 8. dxe5
dxe5 9. Bg5 h6 10. Bxf6 Qxf6 11. Nd5 Qd8 12. Nd2 c6 13. Nc3 a5 14. Qc2 Nc5 15.
Rad1 Ne6 16. Nf3 Qe7 17. Rfe1 Nf4 18. Na4 Bg4 19. c5 Rad8 20. Rxd8 Rxd8 21. Rd1
Rxd1+ 22. Qxd1 0-1

[Event "45th Olympiad 2024"]
[Site "Budapest HUN"]
[Date "2024.09.11"]
[Round "1.68"]
[Board "1"]
[White "Ashiku, Franc"]
[Black "Bhakta Bahadur Monger"]
[Result "1-0"]
[WhiteTitle "IM"]
[WhiteElo "2400"]
[BlackElo "1911"]
[WhiteTeam "Albania"]
[BlackTeam "Bhutan"]
[WhiteFideId "4700066"]
[BlackFideId "17500737"]
[EventDate "2024.09.11"]

1. d4 Nf6 2. Nf3 e6 3. Bf4 d5 4. e3 Bd6 5. Nbd2 c5 6. Bg3 Nc6 7. c3 a6 8. Bd3
Ne7 9. e4 Bxg3 10. hxg3 cxd4 11. Nxd4 e5 12. N4f3 Bg4 13. Qc2 Nc6 14. exd5 Qxd5
15. Ne4 O-O-O 16. Nxf6 gxf6 17. Be4 Qc5 18. Bf5+ Bxf5 19. Qxf5+ Kb8 20. O-O Qe7
21. Rfe1 h5 22. Rad1 Qe6 23. Rxd8+ Nxd8 24. Nd4 Qxf5 25. Nxf5 Kc7 26. f3 Ne6 27.
Kf2 Nc5 28. Ke2 Rg8 29. Rh1 Rg5 30. Ne3 Kd6 31. f4 Rxg3 32. Nf5+ 1-0

[Event "45th Olympiad 2024"]
[Site "Budapest HUN"]
[Date "2024.09.11"]
[Round "1.68"]
[White "Mahendra Gurung"]
[Black "Pasko, Llambi"]
[Result "0-1"]
[BlackTitle "IM"]
[WhiteElo "1725"]
[BlackElo "2396"]
[WhiteTeam "Bhutan"]
[BlackTeam "Albania"]
[WhiteFideId "17501300"]
[BlackFideId "4701178"]
[EventDate "2024.09.11"]

1. e4 e5 2. Nf3 Nc6 3. Bb5 a6 4. Be2 Nf6 5. d3 d5 6. Bg5 dxe4 7. Bxf6 Qxf6 8.
dxe4 Qg6 9. Nbd2 Be6 10. g3 Rd8 11. c3 Be7 12. Qa4 O-O 13. O-O Bg4 14. Qc2 Qh5
15. Bd1 Rd6 16. Ne1 Rh6 17. Ndf3 f5 18. h4 g5 19. exf5 gxh4 20. Kg2 hxg3 21.
fxg3 Qh3+ 22. Kf2 Bc5+ 23. Ke2 Qxg3 24. Qb3+ Kh8 25. Kd2 Qf4+ 26. Kc2 Bxf5+ 27.
Nd3 Bxd3+ 28. Kxd3 Rd8+ 29. Kc2 Qe4+ 30. Kc1 Be3+ 31. Nd2 Bxd2# 0-1